Pedagogy of praxis (Record no. 10173)
[ view plain ]
| 000 -LEADER | |
|---|---|
| fixed length control field | 01522nam a2200373 a 4500 |
| 100 1# - MAIN ENTRY--AUTHOR NAME | |
| Personal name | Gadotti, Moacir. |
| 245 10 - TITLE STATEMENT | |
| Title | Pedagogy of praxis |
| 260 ## - PUBLICATION, DISTRIBUTION, ETC. (IMPRINT) | |
| Place of publication | Albany : |
| Name of publisher | State University of New York Press, |
| Year of publication | c1996. |
| 300 ## - PHYSICAL DESCRIPTION | |
| Number of Pages | xxxii, 216 p. |
| 490 1# - SERIES STATEMENT | |
| Series statement | SUNY series, teacher empowerment and school reform |
| 650 #0 - SUBJECT ADDED ENTRY--TOPICAL TERM | |
| Topical Term | Education |
| Topical Term | Dialectic. |
| Topical Term | Critical pedagogy |
| Topical Term | Pragmatism. |
| Topical Term | Educational equalization |
| 856 40 - ELECTRONIC LOCATION AND ACCESS | |
| Uniform Resource Identifier | http://site.ebrary.com/lib/rucke/Doc?id=10021082 |
No items available.
